| 000 | 00818naa a22002657a 4500 | ||
|---|---|---|---|
| 001 | BR5500031 | ||
| 003 | BR-BrBNA | ||
| 005 | 20250709164600.0 | ||
| 007 | ta | ||
| 008 | 250630b bl.|||m| |||| 00| 0 por d | ||
| 040 |
_aBR-BrBNA _bpor _cBiblioteca Nacional de Agricultura |
||
| 041 | _a(Pt) | ||
| 072 |
_aK50 _b0329 _bG514 |
||
| 090 | _aK50 BR5500031 | ||
| 100 | 1 | _aOliveira, A.R.C. de | |
| 245 | 1 | _aDeterminacao do linalol no oleo de pau rosa brasileiro | |
| 500 | _aTecnologia. Relatorios - 1953 Rio de Janeiro, GB (Brasil): 1955. p. 175-188 [15 ref.] (BR5500031-AMS) | ||
| 650 | _aIndustria florestal | ||
| 650 | _aPau rosa | ||
| 650 | _aMadeira | ||
| 650 | _aOleo vegetal | ||
| 490 |
_aBoletim - Instituto de Oleos (Brazil) _vno. 13 |
||
| 942 |
_cAMS _2AGRIS |
||
| 909 |
_a202506 _bLúcia _c55 _dLúcia Elande |
||
| 999 |
_c332521 _d332521 |
||